Riconosci lo Stadio - Europa - Quiz n°10 - Statistics

Statistiche generali
  • Questo quiz è stato fatto 36 volte
  • Il punteggio medio è 4 su 10
Statistiche sulle risposte
con Immagini Risposta % Corretto
Allianz Arena - Monaco di Baviera
97%
Stadio Renato dall'Ara - Bologna
88%
Gewiss Stadium - Bergamo
68%
Tottenham Hotspur Stadium - Londra
50%
Craven Cottage - Londra
41%
Stadio Geōrgios Karaiskakīs - Pireo
12%
Puskás Aréna - Budapest
6%
Stadio della Beaujoire - Nantes
3%
Friends Arena - Solna
0%
Otkrytie Arena - Mosca
0%
Nessun quiz corrispondente trovato
Distribuzione punteggi
Percentuale di utenti per punteggio
Percentile per numero di risposta
I tuoi punteggi nel tempo
Non hai fatto questo quiz